000 00914nam a2200265 i 4500
001 bg
003 KOSZ 005
005 20200630132819.0
008 071119s1966 pl a f f 001 0 pol
015 _aPB 1967/2087
040 _aWA N
_cKOSZ 005/RW
_dKOSZ 005/RW
080 _a515
100 1 _aRachwał, Tadeusz
_d(1914-1992)
_eAutor
245 1 0 _aGeometria wykreślna.
_nT. 1 /
_cTadeusz Rachwał.
260 _aWarszawa :
_bPaństwowe Wydawnictwo Naukowe,
_c1966.
300 _a184 s. :
_bil. ;
_c24 cm +
_eAlbum z rysunkami: 154 s.
380 _aKsiążki.
504 _aIndeks.
521 8 _aPodręcznik dla wyższych szk. tech.
655 4 _aPodręczniki akademickie
650 4 _aGeometria wykreślna
710 2 _aPaństwowe Wydawnictwo Naukowe
_4pbl.
856 _uhttp://koha.tu.koszalin.pl/cgi-bin/koha/opac-detail.pl?biblionumber=10181
_yKatalog online BPK
942 _2UKD
_cKS
999 _c10181
_d10181